Obchodní jednání a národní zvyklosti: Litva

Stručná geograficko-kultúrna charakteristika Litvy. Obchodné rokovania a národné zvyklosti. Vzťahy medzi ľuďmi, verbálna a neverbálna komunikácia, obliekanie a stolovanie, význam času.

Na minha lista:
Detalhes bibliográficos
Autor principal: Petřík, Ivo
Formato: Capítulo de Livro
Idioma:tcheco
Assuntos:
Tags: Adicionar Tag
Sem tags, seja o primeiro a adicionar uma tag!

MARC

LEADER 00000naa$a2200000$$$4500
001 0003131
005 20230908091453.4
041 0 |a cze 
044 |a CZ 
245 1 0 |a Obchodní jednání a národní zvyklosti: Litva  |c aut. Ivo Petřík 
520 |a Stručná geograficko-kultúrna charakteristika Litvy. Obchodné rokovania a národné zvyklosti. Vzťahy medzi ľuďmi, verbálna a neverbálna komunikácia, obliekanie a stolovanie, význam času. 
610 2 0 |a rokovania obchodné 
610 2 0 |a partneri obchodní 
610 2 0 |a Litva 
610 2 0 |a zvyklosti obchodné 
610 2 0 |a komunikácia 
610 2 0 |a stolovanie 
100 1 |a Petřík, Ivo